<?xml version="1.0" encoding="UTF-8"?><?xml-stylesheet type="text/xsl" href="static/style.xsl"?><OAI-PMH xmlns="http://www.openarchives.org/OAI/2.0/" xmlns:xsi="http://www.w3.org/2001/XMLSchema-instance" xsi:schemaLocation="http://www.openarchives.org/OAI/2.0/ http://www.openarchives.org/OAI/2.0/OAI-PMH.xsd"><responseDate>2026-04-17T14:09:41Z</responseDate><request verb="GetRecord" identifier="oai:www.recercat.cat:2072/378105" metadataPrefix="marc">https://recercat.cat/oai/request</request><GetRecord><record><header><identifier>oai:recercat.cat:2072/378105</identifier><datestamp>2024-12-23T22:41:59Z</datestamp><setSpec>com_2072_376373</setSpec><setSpec>com_2072_376336</setSpec><setSpec>com_2072_1741</setSpec><setSpec>col_2072_376469</setSpec></header><metadata><record xmlns="http://www.loc.gov/MARC21/slim" xmlns:dcterms="http://purl.org/dc/terms/" xmlns:xsi="http://www.w3.org/2001/XMLSchema-instance" xmlns:doc="http://www.lyncode.com/xoai" xsi:schemaLocation="http://www.loc.gov/MARC21/slim http://www.loc.gov/standards/marcxml/schema/MARC21slim.xsd">
   <leader>00925njm 22002777a 4500</leader>
   <datafield ind2=" " ind1=" " tag="042">
      <subfield code="a">dc</subfield>
   </datafield>
   <datafield ind2=" " ind1=" " tag="720">
      <subfield code="a">Erra Zubiri, Alba</subfield>
      <subfield code="e">author</subfield>
   </datafield>
   <datafield ind2=" " ind1=" " tag="260">
      <subfield code="c">1994</subfield>
   </datafield>
   <datafield ind2=" " ind1=" " tag="520">
      <subfield code="a">La urna de Sant Bernal Calbó fue realizada entre 1700 y 1728 por Joan Matons, argente­ro barcelonés, a petición del Capítulo de la catedral de Vic, cuando casi se había conse­guido la canonización del obispo. Por su ca­lidad técnica se la considera una de las obras emblemáticas de la argentería catalana del siglo xv111, comparable a las obras de Fran­cesc y Josep Tramulles o Pere Lleopar. Es­tas obras significan la ruptura con el goticis­mo, imperante aún en argentería religiosa hasta el siglo xvn, y muestran la asimilación de la nueva estética barroca.</subfield>
   </datafield>
   <datafield ind2=" " ind1=" " tag="520">
      <subfield code="a">The urn of Saint Bernar Calbó was made be­tween 1700 and 1728 by loan Matons, a Bar­celona silversmilh, a commission from the Chapter of Vic cathedral, when the canon­ization of the bishop had almost been achieved. Due to its technical quality, it is considered as one on the most outstanding examples of Catalan 18th-century silver­work, a match for the works by Francesc and Josep Tramulles or Pere Lleopart. These pieces represent a break from the Gothicism that dominated religious silver­work until the 17th century and show the in­fluence of the new Baroque style.</subfield>
   </datafield>
   <datafield ind1="8" ind2=" " tag="024">
      <subfield code="a">http://hdl.handle.net/2072/378105</subfield>
   </datafield>
   <datafield ind2="0" ind1="0" tag="245">
      <subfield code="a">L'urna de Sant Bernat Calbó (1700-1728)</subfield>
   </datafield>
</record></metadata></record></GetRecord></OAI-PMH>